00580 2200169 4500245005600000020001800056250001100074100002200085650002000107005001900127260003400146041001400180084000800194300001500202500018400217336000900401 aShow Me Da Luph With MoccacBaiq Vira SafitrihText a979-3778-22-9 aCet. 1 aBaiq Vira Safitri aNovel Indonesia a20231003115325 aDepokbPustaka KataKitac2005 aIndonesia a813 a207 hlm. : aAl berfirasat kalo sebenarnya Moccachito masih hidup, hanya aja sepertinya dia masih tersesat dalam lorong waktu itu. Dan hingga saat ini berusaha untuk menemukan jalan keluarnya. atext